| 000 | 01752 a2200289 4500 | ||
|---|---|---|---|
| 003 | Nust | ||
| 005 | 20170207154030.0 | ||
| 020 | _a0-07-047824-4 | ||
| 040 | _cNust | ||
| 082 | 0 | _a621.319 2 | |
| 082 | 0 | _a621.319 2 | |
| 082 | 0 |
_a621.319 _b2 |
|
| 100 | 1 | _aO'Malley, John | |
| 245 | 0 | 0 |
_aSchaum's outline of theory and problems of basic circuit analysis (E-book) _cJohn O'Mally |
| 246 | 1 | 4 | _aBasic circuit analysis. |
| 246 | 1 | 4 | _aBasic circuit analysis. |
| 250 | _a2. ed. | ||
| 260 |
_aNew York : _bMcGraw-Hill, _ccop. 1992 |
||
| 300 |
_aix, 419 s. : _bill. ; _c28 cm. |
||
| 490 | 0 | _aSchaum's outline series | |
| 505 | _aChapter 1 BASIC CONCEPTS (Page-1) Chapter 2 RESISTANCE(Page-17) Chapter 3 SERIES AND PARALLEL DC CIRCUITS(Page-31) Chapter 4 DC CIRCUIT ANALYSIS(Page-54) Chapter 5 DC EQUIVALENT CIRCUITS. NETWORK THEOREMS. ANDBRIDGE CIRCUITS(Page-82) Chapter 6 OPERATIONAL-AMPLIFIER CIRCUITS(Page-112) Chapter 7 PSPICE DC CIRCUIT ANALYSIS(Page-136) Chapter 6 CAPACITORS AND CAPACITANCE .(Page-153) Chapter 9 INDUCTORS. INDUCTANCE. AND PSPICE TRANSIENT ANALYSIS(Page-174) Chapter 10 SINUSOIDAL ALTERNATING VOLTAGE AND CURRENT(Page-194) Chapter 11 COMPLEX ALGEBRA AND PHASORS .(Page-217) Chapter 12 BASIC AC CIRCUIT ANALYSIS. IMPEDANCE. AND ADMITTANCE(Page-232) Chapter 13 MESH. LOOP. NODAL. AND PSPICE ANALYSES OF AC CIRCUITS(Page-265) Chapter 14 AC EQUIVALENT CIRCUITS. NETWORK THEOREMS. AND BRIDGE CIRCUITS(Page-294) Chapter 15 POWER IN AC CIRCUITS(Page-324) Chapter 16 TRANSFORMERS(Page-349) Chapter 17 THREE-PHASE CIRCUITS(page-384) | ||
| 650 | 0 | _aElectric circuit analysis | |
| 650 | 0 | _aElectric circuits | |
| 650 | 0 | _aElektronik ; Integrerade kretsar | |
| 651 | _a(E-Book) | ||
| 740 | 0 | _aTheory and problems of basic circuit analysis | |
| 942 |
_2ddc _cBK |
||
| 999 |
_c192129 _d192129 |
||